Normal view
MARC view
- Rosul, Md. Golam
Entry Personal Name
001 - CONTROL NUMBER
- control field: 4135
003 - CONTROL NUMBER IDENTIFIER
- control field: OSt
005 - DATE AND TIME OF LATEST TRANSACTION
- control field: 20210822105842.0
008 - FIXED-LENGTH DATA ELEMENTS
- fixed length control field: 210822|| aca||aabn | a|a d
040 ## - CATALOGING SOURCE
- Original cataloging agency: OSt
- Transcribing agency: OSt
100 ## - HEADING--PERSONAL NAME
- Personal name: Rosul, Md. Golam
670 ## - SOURCE DATA FOUND
- Source citation: Work cat.: (OSt): Rosul, Md. Golam, Nari-o-shishu nirjatan daman ain, 2000 :, c2016.
